000 00476nam a22001577a 4500
003 OSt
005 20251103164850.0
008 251103b |||||||| |||| 00| 0 eng d
040 _beng
_cASTL
100 _aChoudhary, Ravi Kumar
_9850007
245 _aPolitical and constitutional developments in Zimbabwe since 1980.
260 _aDelhi.
_bDepartment of African Studies, University of Delhi,
_c2010.
300 _a108 p.
650 _2African Studies
942 _2CC
_cDIS
_n0
999 _c1465115
_d1465115